Celebrity Alma Maters Quiz - Statistics

General Stats
  • This quiz has been taken 12 times
  • The average score is 6 of 24
Answer Stats
Celebrity College/University % Correct
Michael Jordan University of North Carolina, Chapel Hill
70%
Will Ferrell University of Southern California
70%
Andrew Luck Stanford University
60%
Peyton Manning University of Tennessee
60%
Emma Watson Brown University
40%
Lady Gaga New York University
40%
Kevin Durant University of Texas, Austin
40%
Jodie Foster Yale University
30%
Art Garfunkel Columbia University
20%
Natalie Portman Harvard University
20%
Jim Morrison University of California, Los Angeles
20%
Sacha Baron Cohen University of Cambridge
20%
Hillary Clinton Wellesley College
20%
Barry Bonds Arizona State University
10%
Weird Al California Polytechnic State University, San Luis Obispo
10%
Jeff Bezos Princeton University
10%
Steve Wozniak University of California, Berkeley
10%
Edwin Hubble University of Chicago
10%
John Legend University of Pennsylvania
10%
Tina Fey University of Virginia
10%
Andy Warhol Carnegie Mellon University
0%
J. Cole St. John's University
0%
Rick Perry Texas A&M University
0%
J.K. Rowling University of Exeter
0%
No matching quizzes found
Score Distribution
Percent of People with Each Score
Percentile by Number Answered
Your Score History
You have not taken this quiz